भारत ज्ञानकोश (Record no. 30497)
[ view plain ]
| 000 -LEADER | |
|---|---|
| fixed length control field | 006240000a22001690004500 |
| 003 - CONTROL NUMBER IDENTIFIER | |
| control field | MACL |
| 005 - DATE AND TIME OF LATEST TRANSACTION | |
| control field | 20160120131319.0 |
| 008 - FIXED-LENGTH DATA ELEMENTS--GENERAL INFORMATION | |
| fixed length control field | 160120b xxu||||| |||| 00| 0 eng d |
| 040 ## - CATALOGING SOURCE | |
| Original cataloging agency | MACL |
| Transcribing agency | MACL |
| 041 ## - LANGUAGE CODE | |
| Language code of text/sound track or separate title | Hindi |
| 082 ## - DEWEY DECIMAL CLASSIFICATION NUMBER | |
| Classification number | 030.954 |
| 100 ## - MAIN ENTRY--PERSONAL NAME | |
| Personal name | एन्साइक्लोपीडिया ब्रिटैनिका इंडिया प्राइवेट लिमिटेड |
| 9 (RLIN) | 33606 |
| 245 ## - TITLE STATEMENT | |
| Title | भारत ज्ञानकोश |
| 260 ## - PUBLICATION, DISTRIBUTION, ETC. (IMPRINT) | |
| Name of publisher, distributor, etc. | पॅाप्यूलर प्रकाशन |
| Date of publication, distribution, etc. | 2002 |
| Place of publication, distribution, etc. | मुंबई |
| 650 ## - SUBJECT ADDED ENTRY--TOPICAL TERM | |
| Topical term or geographic name as entry element | Encyclopedia |
| 9 (RLIN) | 33610 |
| 942 ## - ADDED ENTRY ELEMENTS (KOHA) | |
| Koha item type | Hindi Books |
| Call number prefix | 030.954/PAP |
| Source of classification or shelving scheme | |
| Withdrawn status | Lost status | Source of classification or shelving scheme | Damaged status | Not for loan | Home library | Current library | Date acquired | Cost, normal purchase price | Total Checkouts | Total Renewals | Full call number | Barcode | Date last seen | Date last checked out | Uniform Resource Identifier | Price effective from | Koha item type |
|---|---|---|---|---|---|---|---|---|---|---|---|---|---|---|---|---|---|
| MACL | MACL | 20/01/2016 | 500.00 | 9 | 4 | 030.954/PAP | CLC001487 | 19/07/2025 | 11/07/2025 | 30546 | 15/04/2015 | Books | |||||
| MACL | MACL | 20/01/2016 | 11 | 030.954 | CLC001484 | 03/08/2024 | 25/07/2024 | 20/01/2016 | Hindi Books |









